Online Catalogue and eLibrary

Goora (Record no. 5323)

MARC details
000 -LEADER
fixed length control field 00400nam a2200157Ia 4500
005 - DATE AND TIME OF LATEST TRANSACTION
control field 20250430050145.0
008 - FIXED-LENGTH DATA ELEMENTS--GENERAL INFORMATION
fixed length control field 240331s9999 xx 000 0 und d
020 ## - INTERNATIONAL STANDARD BOOK NUMBER
ISBN 9556520422
082 ## - DDC Classification
Item Number - Author Mark THA
Class No. 891
100 ## - MAIN ENTRY--PERSONAL NAME
Personal name Thakuur,R
245 #0 - TITLE STATEMENT
Title Goora
260 ## - PUBLICATION, DISTRIBUTION, ETC.
Place of publication, distribution, etc. Mulleria
Name of publisher, distributor, etc. Wijayasuriya krande kendraya
Date of publication, distribution, etc. 1999
300 ## - PHYSICAL DESCRIPTION
Extent (e.g. Volumes, Pages etc.) 553 p .,
500 ## - GENERAL NOTE
General note Translation of Ravendranaath Thakoor's Goora
942 ## - Koha item type (Biblio)
Koha item type Books in Stacks (Lending)
Holdings
Lost status Damaged status Collection code Home library Current library Shelving location Date acquired Full call number Accession Number Item type
    Lending WERC Library WERC Library Social Science Cupboard 03/31/2024 891.48 THA 4364 Books in Stacks (Lending)

© WERC Library